Top 30 Ballon d'Or : 2022 - Statistiques

Statistiques générales
  • Ce quiz a été pris 56 fois
  • Le résultat moyen est 17 sur 30
Statistiques - réponses
Classement Pays Club Joueur % Correct
#6 FRA PSG Kylian Mbappé
100%
#1 FRA REAL MADRID Karim Benzema
98%
#5 EGY LIVERPOOL Mohamed Salah
98%
#9 CRO REAL MADRID Luka Modric
96%
#4 POL BARCELONE Robert Lewandowski
96%
#10 NOR MAN CITY Erling Haaland
94%
#3 BEL MAN CITY Kevin De Bruyne
94%
#2 SEN BAYERN MUNICH Sadio Mané
94%
#8 BRE REAL MADRID Vinicius Jr
93%
#7 BEL REAL MADRID Thibault Courtois
91%
#20 POR MAN UNITED Cristiano Ronaldo
89%
#12 ALG MAN CITY Riyad Mahrez
83%
#21 ANG TOTTENHAM Harry Kane
74%
#16 P-B LIVERPOOL Virgil van Dijk
72%
#22 POR MAN CITY Bernardo Silva
56%
#19 COL LIVERPOOL Luis Diaz
46%
#11 JAP TOTTENHAM Son Heung-min
44%
#23 ALL BAYERN MUNICH Joshua Kimmich
39%
#29 ANG MAN CITY Phil Foden
39%
#17 BRE MAN UNITED Casemiro
35%
#13 CIV DORTMUND Sébastien Haller
31%
#15 POR AC MILAN Rafael Leao
30%
#28 ALL REAL MADRID Antonio Rüdiger
28%
#30 URU LIVERPOOL Darwin Nunez
26%
#18 SER JUVENTUS Dusan Vlahovic
26%
#25 FRA AC MILAN Mike Maignan
24%
#27 FRA RB LEIPZIG Christopher Nkunku
13%
#24 ANG LIVERPOOL Trent Alexander-Arnold
13%
#26 POR MAN CITY Joao Cancelo
11%
#14 BRE LIVERPOOL Fabinho
9%
Aucun quiz correspondant
Distribution des résultats
% des personnes avec chaque résultat
Percentile par nombre de réponses
Votre historique - résultats
Vous n’avez pas pris ce quiz